000 00508nam a22001817a 4500
005 20140310182939.0
008 130202t xxu||||| |||| 00| 0 eng d
020 _a9789718171479
050 _aHF 5721
_b.C177 2009
245 _aEssentials of research and business correspondence /
_cLucila Cabrera.
260 _aManila :
_bBooklore Publishing Corporation,
_c2009.
300 _a237 p. :
_c22 cm.
521 _aBSBA
942 _2lcc
_cBK
_kLOC
999 _c17686
_d17686